000
00274nam a22000977a 4500
999
_c
11137
_d
11137
008
180922b ||||| |||| 00| 0 eng d
020
_a
9788123731056
100
_a
Rajadhyaksha, s Medha
_9
6901
245
_a
THE SECRETS OF PROTENS
260
_a
NEW DELHI
_b
NATIONAL BOOK TRUST
_c
2014